000 00849nam a22002417a 4500
003 DO-SdBNP
005 20211026121550.0
007 ta
008 211026b1996 dr ||||| |||| 00| 0 spa d
040 _aDO-SdBNP
_bspa
_cBNPHU
049 _aBNPD
082 4 _222
_a352.48
_bR426m, 1990
110 1 _aRepública Dominicana
_bSecretariado Técnico de la Presidencia
_cOficina Nacional de Presupuesto
_932266
245 1 0 _aManual de clasificaciones presupuestarias 1990.
260 _aSanto Domingo :
_bSecretariado Técnico de la Presidencia,
_c1985.
300 _a167 p. ;
_c22 cm.
500 _aIncluye referencias bibliográficas y notas al pie de las páginas
590 _aInventariado, 2021/BT
650 1 4 _aPresupuesto
_xClasificación
_935882
650 1 4 _aPresupuesto
_zRepública Dominicana
_97940
910 _aBtavórez
942 _2ddc
_cLBS1
999 _c50813
_d50813